Т. 5 : Проблемы построения математического и программного обеспечения измерительно-вычислительных комплексов; Математическое обеспечение сложного эксперимента

Bibliografiset tiedot
Parent link:Математическое обеспечение сложного эксперимента: в 5 т./ под ред. И. И. Ляшко. Т. 5 : Проблемы построения математического и программного обеспечения измерительно-вычислительных комплексов.— , 1982-1990
Kieli:venäjä
Julkaistu: 1990
Aiheet:
Aineistotyyppi: Kirja
KOHA link:https://koha.lib.tpu.ru/cgi-bin/koha/opac-detail.pl?biblionumber=166845

MARC

LEADER 00000nam2a2200000 4500
001 166845
005 20231101222641.0
010 |a 5120003885 
010 |a 5-12-000387-7 
035 |a (RuTPU)RU\TPU\book\180976 
090 |a 166845 
100 |a 20091008d1990 k y0rusy5003 ca 
101 0 |a rus 
102 |a UA 
105 |a a z 000zy 
200 0 |a Т. 5 : Проблемы построения математического и программного обеспечения измерительно-вычислительных комплексов 
210 |d 1990 
215 |a 366 с.  |c ил. 
461 1 |0 (RuTPU)RU\TPU\book\189235  |t Математическое обеспечение сложного эксперимента  |o в 5 т.  |f под ред. И. И. Ляшко  |v Т. 5 : Проблемы построения математического и программного обеспечения измерительно-вычислительных комплексов  |d 1982-1990 
606 1 |a Математическая обработка наблюдений  |2 stltpush  |3 (RuTPU)RU\TPU\subj\41206  |9 61014 
610 1 |a эксперименты 
610 1 |a ЭВМ 
610 1 |a обработка 
610 1 |a измерительно-вычислительные комплексы 
610 1 |a информация 
610 1 |a эргономический анализ 
686 |a Ч215.31  |2 rubbk 
801 0 |a RU  |b RuMRKP  |c 19950417  |g psbo 
801 1 |a RU  |b 63413507  |c 20091008 
801 2 |a RU  |b 63413507  |c 20150402  |g RCR 
942 |c BK